000 00603 a2200205 4500
005 20240403152238.0
008 240316b |||||||| |||| 00| 0 eng d
020 _a9789395338394
080 _aFM
_bSUD/S CL
100 _aSudha Murty
245 _aSwarnachirakulla pakshi(സ്വർണ്ണച്ചിറകുള്ള പക്ഷി)
260 _aThrissur
_bCurrent Books
_c2023
300 _a115p
653 _aChildren's Literature
653 _aStories
653 _aFiction - Malayalam Literature
653 _aStories - Sudha Murty
700 _aGouri M.K;tr.by
942 _cCC
999 _c111888
_d111887